000 01203nam a22002537a 4500
999 _c61897
_d61897
003 Ge_BSU
005 20240604171529.0
008 240604s2006 ge ||||| |||| 00| 0 geo d
020 _a9994058894
041 _ageo
080 _a395.6+341.7 ჯ-67
100 _aჯოლია, გურამ
_922326
245 _aბიზნეს-ეტიკეტი და მოლაპარაკების ხელოვნება /
_cგურამ ჯოლია; [რედ.: შოთა დოღონაძე].
264 _aთბ.,
_c2006.
300 _a544გვ. :
_bნახ. ;
_c20სმ.
504 _aბიბლიოგრ.: გვ. 540-543.
653 _aეტიკეტი
653 _aდიპლომატიური სამართალი
653 _aსაქმიანი ეტიკეტი
653 _aმოლაპარაკების ხელოვნება
700 _aდოღონაძე, შოთა
_eრედაქტორი
_94915
856 _uhttps://dspace.nplg.gov.ge/bitstream/1234/401330/1/Biznes-Etiketi_Da_Molaparakebis_Xelovneba_2006.pdf
_yელ. ვერსია
942 _2udc
_cᲬᲘᲒᲜᲘ